[Event "OLSW 2324 SC Caissa Schwarzenbach - Turm"]
[Site "?"]
[Date "2024.04.28"]
[Round "9.7"]
[White "Hauer, Andreas"]
[Black "Busemann, Stephan"]
[Result "1/2-1/2"]
[WhiteElo "1913"]
[BlackElo "2088"]
[PlyCount "109"]
[EventDate "2024.??.??"]

1. e4 e5 2. Nf3 Nc6 3. c3 Nf6 4. d4 Nxe4 5. d5 Nb8 6. Nxe5 d6 7. Nf3 Be7 8. Bd3 Nf6 9. c4 O-O 10. h3 c6 11. O-O cxd5 12. cxd5 Nbd7 13. Nc3 Re8 14. Be3 Nc5 15. Bc2 Bf8 16. Rc1 Bd7 17. Bg5 h6 18. Bh4 Be7 19. Re1 Nh5 20. Rxe7 Rxe7 21. b4 Na6 22. Qd3 g6 23. Qd4 Qf8 24. Bxe7 Qxe7 25. Ne4 f5 26. Ned2 Qf6 27. a3 Rc8 28. Nb3 Ba4 29. Bd3 Rxc1+ 30. Nxc1 Qxd4 31. Nxd4 Nc7 32. Nce2 Nf6 33. Nf4 Be8 34. g4 fxg4 35. hxg4 Nxg4 36. Nxg6 Bxg6 37. Bxg6 Nf6 38. Nf5 Nfxd5 39. Nxd6 b6 40. Bd3 Kf8 41. Nf5 h5 42. Kh2 Kf7 43. Kg3 Kf6 44. Nd6 Ke5 45. Nb5 Nf4 46. Bf1 Nxb5 47. Bxb5 a5 48. bxa5 bxa5 49. a4 Ng6 50. Be8 Kf5 51. Bxg6+ Kxg6 52. Kh4 Kh6 53. f3 Kg6 54. Kg3 Kg5 55. f4+ 1/2-1/2

[Event "OLSW 2324 SC Caissa Schwarzenbach - Turm"]
[Site "?"]
[Date "2024.04.28"]
[Round "9.8"]
[White "Schera, Michael"]
[Black "Windmueller, Simon"]
[Result "1/2-1/2"]
[WhiteElo "1888"]
[BlackElo "2019"]
[PlyCount "109"]
[EventDate "2024.??.??"]

1. d4 d5 2. c4 e6 3. Nf3 a6 4. Nbd2 Nf6 5. e3 c5 6. Bd3 cxd4 7. exd4 dxc4 8. Nxc4 Bb4+ 9. Bd2 Bxd2+ 10. Qxd2 Nc6 11. Bc2 b5 12. Nce5 Bb7 13. O-O O-O 14. Rac1 Qb6 15. Qf4 Rad8 16. Rfd1 Ne7 17. Bb1 Rd6 18. Qh4 Bxf3 19. Nxf3 Rfd8 20. Bxh7+ Nxh7 21. Qxe7 R6d7 22. Qh4 Nf6 23. Qf4 Qa5 24. Ne5 Rd6 25. Nc6 Rxc6 26. Rxc6 Qxa2 27. Qc1 Rd5 28. Rd3 Qa4 29. Rc8+ Kh7 30. Qc2 Qxc2 31. Rxc2 Rd6 32. f3 Nd5 33. Rc5 Kg6 34. g3 Rd8 35. Kf2 Rh8 36. h4 Rd8 37. Ke2 Rd6 38. Rd1 Nb6 39. Rc7 Nc4 40. b3 Nb6 41. h5+ Kf6 42. f4 Nd5 43. Rc8 a5 44. Kd3 a4 45. bxa4 bxa4 46. Ra1 Rb6 47. Ra3 Rb2 48. Ke4 Rf2 49. Rc1 Ke7 50. Rca1 f5+ 51. Kd3 Kf6 52. Kc4 Rc2+ 53. Kd3 Nb4+ 54. Ke3 Rb2 55. Kf3 1/2-1/2

[Event "OLSW 2324 SF Heidesheim - SV Worms 1878"]
[Site "?"]
[Date "2024.04.28"]
[Round "9.1"]
[White "Musiolik, David"]
[Black "Carow, Johannes"]
[Result "0-1"]
[WhiteElo "2268"]
[BlackElo "2452"]
[PlyCount "158"]
[EventDate "2024.??.??"]

1. Nf3 Nf6 2. c4 g6 3. Nc3 d5 4. cxd5 Nxd5 5. Qa4+ Bd7 6. Qb3 Nb6 7. h4 h6 8. d4 Bg7 9. Bf4 Be6 10. Qc2 Nc6 11. Rd1 Nb4 12. Qb1 N4d5 13. Be5 Nxc3 14. bxc3 Bxe5 15. dxe5 Qc8 16. h5 g5 17. e3 Bf5 18. Qb5+ c6 19. Qc5 Bg4 20. Be2 Bxf3 21. gxf3 Qe6 22. Qd4 Qxa2 23. e6 O-O 24. exf7+ Qxf7 25. f4 Qf6 26. Rg1 Rae8 27. Bd3 e5 28. Qe4 Re7 29. f5 Kh8 30. Ra1 Nd5 31. Rxa7 Nxc3 32. Qc4 b5 33. Qc5 Rxa7 34. Qxa7 e4 35. Bc2 Qxf5 36. f4 Qf6 37. Qc5 Na4 38. Bxa4 bxa4 39. Rg4 Rb8 40. Kf2 Rf8 41. Kg3 Rg8 42. Qb4 Qa1 43. Kh2 gxf4 44. Rxg8+ Kxg8 45. Qb8+ Kh7 46. Qc7+ Qg7 47. Qxf4 Qe7 48. Qf5+ Kh8 49. Qc8+ Kg7 50. Qg4+ Kf8 51. Qf5+ Kg7 52. Qg4+ Qg5 53. Qd7+ Kf8 54. Qd6+ Kf7 55. Qd7+ Qe7 56. Qf5+ Qf6 57. Qd7+ Kf8 58. Qc8+ Ke7 59. Qc7+ Ke6 60. Qxc6+ Kf5 61. Qxa4 Qh4+ 62. Kg2 Qg4+ 63. Kh2 Qxh5+ 64. Kg1 Qg4+ 65. Kh2 Qe2+ 66. Kh1 Qxe3 67. Qd7+ Kf4 68. Qd6+ Kf3 69. Qg3+ Ke2 70. Qh2+ Ke1 71. Qg3+ Kd2 72. Qd6+ Kc1 73. Qc6+ Kd1 74. Qa4+ Ke1 75. Qa1+ Ke2 76. Qa6+ Kf2 77. Qa2+ Qe2 78. Qa7+ e3 79. Qg7 Qh5# 0-1

[Event "OLSW 2324 SF Heidesheim - SV Worms 1878"]
[Site "?"]
[Date "2024.04.28"]
[Round "9.2"]
[White "Wilhelm, Till"]
[Black "Karsay, Pascal"]
[Result "1/2-1/2"]
[WhiteElo "2402"]
[BlackElo "2350"]
[PlyCount "80"]
[EventDate "2024.??.??"]

1. d4 Nf6 2. c4 e6 3. Bf4 d5 4. Nc3 c5 5. Nf3 cxd4 6. Nxd4 Bc5 7. e3 O-O 8. Be2 dxc4 9. Bxc4 Bxd4 10. Qxd4 Qxd4 11. exd4 Rd8 12. Rd1 Nc6 13. d5 exd5 14. Nxd5 Nxd5 15. Bxd5 Be6 16. Bxc6 Rxd1+ 17. Kxd1 bxc6 18. Kc2 Bd5 19. Rg1 a5 20. Kb1 Re8 21. Be3 a4 22. g3 Re4 23. Rc1 h5 24. Rd1 Kf8 25. Rd4 Rxd4 26. Bxd4 g6 27. a3 Bb3 28. Kc1 Ke7 29. Kd2 Ke6 30. Ke3 g5 31. Bb6 g4 32. Ke4 f6 33. f3 gxf3 34. Kxf3 Kf5 35. Bd4 Bd1+ 36. Kg2 Bb3 37. Kf3 Bd1+ 38. Kg2 Bb3 39. Kf3 Bd1+ 40. Kg2 Bb3 1/2-1/2

[Event "OLSW 2324 SF Heidesheim - SV Worms 1878"]
[Site "?"]
[Date "2024.04.28"]
[Round "9.3"]
[White "Ollenberger, Roland"]
[Black "Hinrichs, Paul"]
[Result "1/2-1/2"]
[WhiteElo "2276"]
[BlackElo "2227"]
[PlyCount "85"]
[EventDate "2024.??.??"]

1. e4 e5 2. Nf3 Nc6 3. Bb5 a6 4. Bxc6 dxc6 5. O-O Bd6 6. d4 exd4 7. Qxd4 f6 8. Be3 Ne7 9. Nbd2 Be6 10. a3 Ng6 11. Nc4 Bxh2+ 12. Kxh2 Qxd4 13. Nxd4 Bxc4 14. Rfd1 O-O 15. Rd2 Rfd8 16. Rad1 Nf8 17. b3 Bf7 18. Bf4 Re8 19. f3 Rac8 20. Nf5 Be6 21. g4 Kf7 22. Bg3 g6 23. Ne3 Ke7 24. Bh4 Kf7 25. Kg2 Re7 26. g5 fxg5 27. Bxg5 Rd7 28. Kg3 Rxd2 29. Rxd2 Re8 30. Bd8 h6 31. Bxc7 Re7 32. Ba5 Rd7 33. Rh2 h5 34. Bc3 Nh7 35. Ng4 Bxg4 36. fxg4 Ng5 37. Kf4 Ne6+ 38. Ke3 hxg4 39. Rh7+ Ke8 40. Rh8+ Ke7 41. Rh7+ Kd8 42. Rh6 Rf7 43. Rxg6 1/2-1/2

[Event "OLSW 2324 SF Heidesheim - SV Worms 1878"]
[Site "?"]
[Date "2024.04.28"]
[Round "9.4"]
[White "Foerster, Erik"]
[Black "Feldmann, Johannes"]
[Result "1/2-1/2"]
[WhiteElo "2100"]
[BlackElo "2223"]
[PlyCount "48"]
[EventDate "2024.??.??"]

1. d4 Nf6 2. g3 g6 3. Bg2 d5 4. Nf3 Bg7 5. O-O O-O 6. c4 dxc4 7. Na3 Nc6 8. Nxc4 Be6 9. b3 Qc8 10. Re1 Rd8 11. Bb2 Bd5 12. Ncd2 Ne4 13. e3 Nxd2 14. Nxd2 Bxg2 15. Kxg2 e5 16. dxe5 Nxe5 17. Bxe5 Bxe5 18. Rc1 Qe6 19. Qe2 Rd7 20. Nc4 c6 21. Red1 Rad8 22. Rxd7 Rxd7 23. Rd1 Bf6 24. Qf3 Rxd1 1/2-1/2

[Event "OLSW 2324 SF Heidesheim - SV Worms 1878"]
[Site "?"]
[Date "2024.04.28"]
[Round "9.5"]
[White "Schluchter, Steffen"]
[Black "Perske, Paul"]
[Result "1/2-1/2"]
[WhiteElo "2092"]
[BlackElo "2084"]
[PlyCount "98"]
[EventDate "2024.??.??"]

1. d4 Nf6 2. c4 g6 3. Nc3 d5 4. cxd5 Nxd5 5. e4 Nxc3 6. bxc3 Bg7 7. Be3 c5 8. Bb5+ Nc6 9. Ne2 O-O 10. O-O Qa5 11. Qa4 Qxa4 12. Bxa4 cxd4 13. cxd4 Rd8 14. Rfd1 Bg4 15. f3 Bd7 16. Bb3 Na5 17. Rac1 Rac8 18. Kf2 b6 19. Bg5 Nxb3 20. axb3 Kf8 21. d5 Rxc1 22. Rxc1 Rc8 23. Rxc8+ Bxc8 24. Ke3 Ba6 25. Nd4 Bxd4+ 26. Kxd4 Bf1 27. g3 Be2 28. f4 f6 29. Bh6+ Ke8 30. e5 a5 31. exf6 exf6 32. Bg7 Kf7 33. d6 Bg4 34. Bh8 Be6 35. Kc3 b5 36. Kc2 a4 37. bxa4 bxa4 38. Kb2 Bd7 39. Ka3 Ke6 40. Kb4 h5 41. Bg7 Kf5 42. h4 Ke6 43. Ka3 Kxd6 44. Bxf6 Ke6 45. Bg5 Kf5 46. Kb2 Kg4 47. Ka1 Kxg3 48. Bd8 Kxf4 49. Be7 Kg4 1/2-1/2

[Event "OLSW 2324 SF Heidesheim - SV Worms 1878"]
[Site "?"]
[Date "2024.04.28"]
[Round "9.6"]
[White "Lantzsch, Christian"]
[Black "Boos, Patrick"]
[Result "1-0"]
[WhiteElo "2144"]
[BlackElo "2058"]
[PlyCount "117"]
[EventDate "2024.??.??"]

1. d4 Nf6 2. Bg5 c5 3. Nc3 Qa5 4. Bxf6 gxf6 5. d5 d6 6. e3 Nd7 7. Nf3 a6 8. a4 Ne5 9. Nd2 Qc7 10. h3 Ng6 11. h4 e5 12. dxe6 fxe6 13. h5 Ne5 14. f4 Nf7 15. Nde4 Be7 16. Qd2 Bd7 17. f5 Qc6 18. Bc4 d5 19. fxe6 dxc4 20. exd7+ Qxd7 21. Nd5 Qc6 22. O-O Rd8 23. Nec3 Rg8 24. e4 Ng5 25. Qe2 Rd7 26. Qxc4 Qe6 27. Nxf6+ Bxf6 28. Qxe6+ Nxe6 29. Rxf6 Ng5 30. Kf1 Rd2 31. Rf2 Rf8 32. Rxf8+ Kxf8 33. Rd1 Rxc2 34. Rd8+ Ke7 35. Rg8 Ne6 36. Nd5+ Kd6 37. Ne3 Rc1+ 38. Ke2 Ke5 39. Re8 Ra1 40. Nc4+ Kxe4 41. Rxe6+ Kd5 42. Rb6 Kxc4 43. Rxb7 Rh1 44. g4 Rh2+ 45. Ke3 h6 46. Rb6 a5 47. b3+ Kd5 48. Rb5 Rb2 49. Kf4 Rf2+ 50. Kg3 Rb2 51. Rb6 Rc2 52. Rf6 Ke5 53. Rxh6 Rc3+ 54. Kh4 Rxb3 55. Rc6 Kd5 56. Rc8 c4 57. h6 Rb1 58. Kg5 Rb7 59. Kg6 1-0

[Event "OLSW 2324 SF Heidesheim - SV Worms 1878"]
[Site "?"]
[Date "2024.04.28"]
[Round "9.7"]
[White "Dausch, Rene"]
[Black "Bacquele, Fabrice"]
[Result "0-1"]
[WhiteElo "2207"]
[BlackElo "1972"]
[PlyCount "36"]
[EventDate "2024.??.??"]

1. e4 e6 2. d3 d5 3. Nd2 Nf6 4. Ngf3 Nc6 5. g3 dxe4 6. dxe4 Bc5 7. Bb5 O-O 8. O-O e5 9. Bxc6 bxc6 10. Nb3 Bd6 11. c4 Nxe4 12. Qc2 Nc5 13. Nxc5 Bxc5 14. Nxe5 Bh3 15. Re1 Bb4 16. Nxc6 Qf6 17. Nxb4 Qf3 18. Qe4 Rae8 0-1

[Event "OLSW 2324 SF Heidesheim - SV Worms 1878"]
[Site "?"]
[Date "2024.04.28"]
[Round "9.8"]
[White "Schmid, Leon"]
[Black "Martin, Mike"]
[Result "1/2-1/2"]
[WhiteElo "1771"]
[BlackElo "2082"]
[PlyCount "88"]
[EventDate "2024.??.??"]

1. e4 c5 2. Nf3 e6 3. d3 b6 4. g3 d5 5. Nbd2 Nf6 6. c3 Be7 7. Bg2 Ba6 8. e5 Nfd7 9. Qe2 Nc6 10. O-O Qc7 11. Re1 O-O 12. Qe3 Rad8 13. Nb3 d4 14. Qe4 Bb7 15. Ng5 Bxg5 16. Bxg5 Rb8 17. Qe2 h6 18. Bd2 dxc3 19. Bxc3 Ne7 20. Bxb7 Rxb7 21. Rac1 Rc8 22. d4 Nd5 23. dxc5 Nxc5 24. Bd4 Qe7 25. Bxc5 bxc5 26. Rc4 Nb6 27. Rc2 c4 28. Rec1 Rbc7 29. Nd2 Qb4 30. a3 Qa4 31. Ne4 Rc6 32. Nd6 R8c7 33. Qg4 Rc5 34. Qe4 Qb3 35. Qe2 c3 36. Rxc3 Rxc3 37. Rxc3 Rxc3 38. bxc3 Qxc3 39. Qb5 Kh7 40. Kg2 Qxa3 41. Qe8 Qd3 42. Nxf7 Qe4+ 43. Kg1 Qe1+ 44. Kg2 Qe4+ 1/2-1/2